LDR 00835naa#a2200229#i#450# 001 EN\\bibl\126623 005 20260630202212.2 011 ## _a2587-6740 100 ## _a20260615b2026####ek#y0engy0150####ca 102 ## _aRU 200 1# _aUsing UAVs to create an artistic background for land recognition works _eJournal article 210 1# _aMoscow _cElectronic science _d2026 215 ## _a3 с. 608 ## _aJournal article _2local 675 ## _aОбъекты и задачи государственного административного управления. 351 _z 700 #1 _aSidorov _gAlexander Arkad'evich 700 #1 _aNigmatullin _gRuslan Nailevich 700 #1 _aVasilyeva _gDarya Igorevna 700 #1 _aMichurina _gNadezhda Yur'evna 700 #1 _aAmosova _gAntonina Aleksandrovna 700 #1 _aKholopov _gYuriy Aleksandrovich 856 4# _amshj.ru _u